<?xml version="1.0" encoding="UTF-8"?><?xml-stylesheet type="text/xsl" href="static/style.xsl"?><OAI-PMH xmlns="http://www.openarchives.org/OAI/2.0/" xmlns:xsi="http://www.w3.org/2001/XMLSchema-instance" xsi:schemaLocation="http://www.openarchives.org/OAI/2.0/ http://www.openarchives.org/OAI/2.0/OAI-PMH.xsd"><responseDate>2026-04-13T14:25:56Z</responseDate><request verb="GetRecord" identifier="oai:www.recercat.cat:2072/407102" metadataPrefix="marc">https://recercat.cat/oai/request</request><GetRecord><record><header><identifier>oai:recercat.cat:2072/407102</identifier><datestamp>2026-04-05T00:14:29Z</datestamp><setSpec>com_2072_98</setSpec><setSpec>col_2072_378192</setSpec></header><metadata><record xmlns="http://www.loc.gov/MARC21/slim" xmlns:dcterms="http://purl.org/dc/terms/" xmlns:xsi="http://www.w3.org/2001/XMLSchema-instance" xmlns:doc="http://www.lyncode.com/xoai" xsi:schemaLocation="http://www.loc.gov/MARC21/slim http://www.loc.gov/standards/marcxml/schema/MARC21slim.xsd">
   <leader>00925njm 22002777a 4500</leader>
   <datafield ind2=" " ind1=" " tag="042">
      <subfield code="a">dc</subfield>
   </datafield>
   <datafield ind2=" " ind1=" " tag="720">
      <subfield code="a">Chisvert Tarazona, María José</subfield>
      <subfield code="e">author</subfield>
   </datafield>
   <datafield ind2=" " ind1=" " tag="720">
      <subfield code="a">Palomares-Montero, Davinia</subfield>
      <subfield code="e">author</subfield>
   </datafield>
   <datafield ind2=" " ind1=" " tag="720">
      <subfield code="a">Soto-González, María Dolores</subfield>
      <subfield code="e">author</subfield>
   </datafield>
   <datafield ind2=" " ind1=" " tag="260">
      <subfield code="c">2015</subfield>
   </datafield>
   <datafield ind2=" " ind1=" " tag="520">
      <subfield code="a">El presente artículo describe una experiencia de formación en alternancia en un contexto de educación superior; en concreto, a partir de la iniciativa desarrollada por Florida Universitaria, centro adscrito a la Universidad de Valencia. La formación en alternancia implica alternar el aprendizaje entre períodos desarrollados en el centro educativo y momentos desarrollados en el contexto laboral. El objetivo del presente trabajo es identificar una iniciativa que, de forma empírica, muestre cómo estos periodos impactan en el aprendizaje de competencias de los estudiantes. La metodología que se ha aplicado en la experiencia de formación en alternancia se basa en el aprendizaje basado en problemas que, en el contexto de un proyecto integrado desarrollado en los grados de Educación Infantil y Primaria, se aplica en todas las materias de tercer curso. Los resultados muestran que la práctica reflexiva entre el centro educativo y el contexto laboral favorece los aprendizajes de las personas participantes. Los beneficios de la formación profesional en alternancia en estudiantes universitarios son plausibles: aumentan la motivación del alumnado, dotan de sentido al conocimiento teórico y se multiplican las interacciones de aprendizaje en entornos académicos y profesionales.</subfield>
   </datafield>
   <datafield ind2=" " ind1=" " tag="520">
      <subfield code="a">Aquest article descriu una experiència de formació en alternança en un context d'educació superior; en concret, a partir de la iniciativa desenvolupada per Florida Universitària, un centre adscrit a la Universitat de València. La formació en alternança implica alternar l'aprenentatge entre períodes desenvolupats en el centre educatiu i moments desenvolupats en el context laboral. L'objectiu d'aquest treball és identificar una iniciativa que, empíricament, mostri com aquests períodes impacten en l'aprenentatge de competències dels estudiants. La metodologia que s'ha aplicat en l'experiència de formació en alternança es basa en l'aprenentatge basat en problemes que, en el context d'un projecte integrat desenvolupat en els graus d'Educació Infantil i Primària, s'aplica en totes les matèries de tercer curs. Els resultats mostren que la pràctica reflexiva entre el centre educatiu i el context laboral afavoreix els aprenentatges de les persones que hi participen. Els beneficis de la formació professional en alternança en estudiants universitaris són plausibles: augmenten la motivació de l'alumnat, doten de sentit al coneixement teòric i es multipliquen les interaccions d'aprenentatge en entorns acadèmics i professionals.</subfield>
   </datafield>
   <datafield ind2=" " ind1=" " tag="520">
      <subfield code="a">This paper describes an alternance training experience within the university context relying on the case of Florida Universitaria, affiliated to the University of Valencia. Alternance training involves periods of education provision on university premises with on-the-job internships. The aim of this study is to provide an empirical description of an initiative showing the impact of alternance on the development of students' skills. The methodology underlying the alternance training program is that of problem-based learning (PBL). PBL has been implemented within an integrated project put in practice in the third year of the Bachelor Degrees in Early Childhood and Primary Education. The results show that reflective practice between the school and the workplace promotes students' learning. The benefits of alternance training at university level are sound: it increases student motivation, gives meaning to theoretical knowledge, and multiplies learning interactions in academic and professional environments.</subfield>
   </datafield>
   <datafield tag="653" ind2=" " ind1=" ">
      <subfield code="a">Formació en alternança</subfield>
   </datafield>
   <datafield tag="653" ind2=" " ind1=" ">
      <subfield code="a">Aprenentatge professional</subfield>
   </datafield>
   <datafield tag="653" ind2=" " ind1=" ">
      <subfield code="a">Relació universitat-empresa</subfield>
   </datafield>
   <datafield tag="653" ind2=" " ind1=" ">
      <subfield code="a">Competències</subfield>
   </datafield>
   <datafield tag="653" ind2=" " ind1=" ">
      <subfield code="a">Transferència de l'aprenentatge</subfield>
   </datafield>
   <datafield tag="653" ind2=" " ind1=" ">
      <subfield code="a">Aprenentatge basat en problemes</subfield>
   </datafield>
   <datafield tag="653" ind2=" " ind1=" ">
      <subfield code="a">Alternance training</subfield>
   </datafield>
   <datafield tag="653" ind2=" " ind1=" ">
      <subfield code="a">Professional training</subfield>
   </datafield>
   <datafield tag="653" ind2=" " ind1=" ">
      <subfield code="a">University-industry relations</subfield>
   </datafield>
   <datafield tag="653" ind2=" " ind1=" ">
      <subfield code="a">Competencies</subfield>
   </datafield>
   <datafield tag="653" ind2=" " ind1=" ">
      <subfield code="a">Transfer of learning</subfield>
   </datafield>
   <datafield tag="653" ind2=" " ind1=" ">
      <subfield code="a">Problem-based learning</subfield>
   </datafield>
   <datafield tag="653" ind2=" " ind1=" ">
      <subfield code="a">Formación alternada</subfield>
   </datafield>
   <datafield tag="653" ind2=" " ind1=" ">
      <subfield code="a">Aprendizaje profesional</subfield>
   </datafield>
   <datafield tag="653" ind2=" " ind1=" ">
      <subfield code="a">Relación universidad-empresa</subfield>
   </datafield>
   <datafield tag="653" ind2=" " ind1=" ">
      <subfield code="a">Competencias</subfield>
   </datafield>
   <datafield tag="653" ind2=" " ind1=" ">
      <subfield code="a">Transferencia del aprendizaje</subfield>
   </datafield>
   <datafield tag="653" ind2=" " ind1=" ">
      <subfield code="a">Aprendizaje basado en problemas</subfield>
   </datafield>
   <datafield ind2="0" ind1="0" tag="245">
      <subfield code="a">Formación en alternancia en el espacio universitario : una experiencia de proyecto integrado a partir del aprendizaje basado en problemas</subfield>
   </datafield>
</record></metadata></record></GetRecord></OAI-PMH>